|
|
|
|
| LEADER |
00707cam a2200217 a 4500 |
| 001 |
0000142581 |
| 005 |
20150408090000.0 |
| 040 |
|
|
|a mod
|
| 041 |
|
|
|a eng
|
| 020 |
0 |
0 |
|a 9781138806818
|
| 090 |
0 |
0 |
|a 371.14
|b ALE
|e 2014
|
| 245 |
1 |
0 |
|a Teacher leadership and professional development
|c edited by Alex Alexandrou and Sue Swaffield
|
| 260 |
0 |
0 |
|a London ; New York
|b Routledge
|c 2014
|
| 300 |
0 |
0 |
|a xiv, 237 p.
|b ill.
|c 26 cm
|
| 504 |
0 |
0 |
|a Includes bibliographical references and index
|
| 650 |
0 |
0 |
|a Educational leadership
|
| 650 |
0 |
0 |
|a Teachers
|x In-service training
|
| 700 |
0 |
0 |
|a Alexandrou, Alex
|
| 700 |
1 |
1 |
|a Swaffield
|h Sue
|
| 852 |
0 |
0 |
|a 01
|
| 999 |
|
|
|a 0299991
|b INSKEP(SITU)
|d BOOKS
|e Umum
|f INSKEP (SITU)
|j AVAILABLE
|q GOOD CONDITION
|